000 006160000a22002050004500
003 LK-CoMWRAF
005 20240315092634.0
008 230817t2001 ||||| |||| 00| 0 eng d
020 _a8177200038
040 _aLK-CoMWRAF
_dLK-CoMWRAF
_eLK-CoMWRAF
041 _atam
082 _a954.93
_bVIC
100 _aவிக்டர்
_vVictor
245 _aமுஸ்லீம் தேசமும் எதிர்காலமும்
246 _aMuslim Thesamum Ethirkalamum
260 _aPuthanatham:
_bAdaiyalam,
_c2001
300 _a144 p.
_bReference included
650 _aMUSLIMS-Sri Lanka
942 _cBK
999 _c418
_d418